00657nam a2200193Ia 4500003000400000008004100004020001500045040001600060082002100076100001900097245008300116700002300199260005600222300002400278490004500302650002500347650005700372650003400429GCL140319s9999 xx 000 0 eng d a1650007400 aGCL / cGCL04a304.6091726bC P1 aCASSEN, ROBERT10aPOPULATION AND DEVELOPMENT : bOLD DEBATES, NEW CONCLUSIONS / cCASSEN, ROBERT1 aAHLBURG, DENNIS A. aنيويورك : bTRANSACTION PUBLISHERS ، c1994 a22 CM ؛ cX, 282 P aU.S - THIRD WORLD POLICY PERSPECTIVESv004aDEVELOPING COUNTRIES04aDEVELOPING COUNTRIES - POPULATION - ECONOMIC ASPECTS04aPOPULATION - ECONOMIC ASPECTS